000 00353nam a2200157Ia 4500
008 210210b1938 xxu||||| |||| 00| 0 eng d
041 _aeng
082 _a883/68
100 _aRUPADEVA GOSVAMI
245 _aVidagdha mAdhAva
260 _aBombay
_b-
_c1938
650 _aVidagdha
650 _amAdhAva
690 _aSanskrit Drama
906 _a024398
999 _c149889
_d149889